00836nam a2200193 a 450000100100000000500170001000800410002704000250006824500390009326000330013230000270016549000290019271000510022183000380027295201050031095201050041595201050052099900170062500003745720200930080359.0120418s1997 dr a 000 0 spa d aDO-SdBNPbspacBNPHU00aPerfil de inversión de guayabas. aSanto Domingo :bJAD,c1997. a39 p. :bil. ;c25 cm.1 aDocumentos técnicosv422aJunta Agroempresarial Dominicana, (JAD)963903 0aDocumentos técnicos ;n4963908 0011718PDaGRbGRcMId2012-04-18iLF1l0o p37457-30r2020-06-25w2020-06-25yLFPDZNo se presta 0010718PDaPDbPDcCTd2012-04-18iLF1l0o p37457-10r2020-06-25w2020-06-25yLFPDZNo se presta 0011718PDaPDbPDcMId2012-04-18iLF1l0o p37457-20r2020-06-25w2020-06-25yLFPDZNo se presta c36947d36947